| 000 | 00589nam a2200217Ia 4500 | ||
|---|---|---|---|
| 008 | 160319s9999 xx 000 0 und d | ||
| 050 | _aFIL PE 1121 | ||
| 050 | _b.B37 1973 c.1 | ||
| 100 | _aBassig, Ricardo C. | ||
| 245 | _aModern English for college freshmen / | ||
| 245 | _cRicardo C. Bassig. | ||
| 260 | _aManila: | ||
| 260 | _bMutual Books, Inc., | ||
| 260 | _c1973 | ||
| 300 | _a220 pages : | ||
| 300 | _billustrations ; | ||
| 300 | _c25 cm. | ||
| 500 | _aIncludes index. | ||
| 650 | _aEnglish language -- Grammar. | ||
| 650 | _xEnglish language -- Study and teaching. | ||
| 999 |
_c291770 _d291770 |
||